000 01231aam a2200337 i 4500
001 768714001
003 CO-MdFUSB
005 20260223212959.0
008 180627b sp||||| |||| 00| 0 spa d
020 _a848267207X
040 _aCO-MdFUSB
_bspa
_cCO-MdFUSB
_dCO-MdFUSBC
_erda
041 0 _aspa
_heng
082 0 4 _a270.092
_222
_bR748
100 1 _aAgustín de Hipona, San (354-430)
_eautor
245 0 3 _aLo mejor de Agustín de Hipona
_c/ Agustín de Hipona ; compilado y traducido por Alfonso Ropero
264 1 _aTerrassa, Barcelona, España :
_bClie,
_c[2001]
264 4 _c©2001
300 _aVol. 21, tomo 1
_c; 24 cm
336 _atexto
_btxt
_2rdacontent
337 _2rdamedia
_asin mediación
_bn
338 _2rdacarrier
_avolumen
_bnc
505 _g Tomo I :
_tLa verdadera religión --La utilidad de creer -- Tratado de la fe, la esperanza , la caridad.
505 0 0 _g Tomo II :
_tConfesiones
563 _aPasta dura
600 0 7 _aAgustín
_cSanto,
_cObispo de Hipona
_dc.a. 354 d.C. - 430 d.C.
_vlibros.
650 7 _959
_aPadres de la Iglesia
650 7 _aIglesia
_xHistoria
_y(Iglesia primitiva), ca. 0030-0600
_9659
700 1 _91287
_aRopero, Alfonso
_ecompilador
942 _cREF
945 _aJTF-925
999 _c33035
_d33035